|
|
|
|
| LEADER |
02124nam a2200589 4500 |
| 001 |
ocn842885030 |
| 003 |
OCoLC |
| 005 |
20170124070137.2 |
| 006 |
m o d |
| 007 |
cr cnu---unuuu |
| 008 |
130510s2013 gw ob 001 0 eng d |
| 040 |
|
|
|a IDEBK
|b eng
|e pn
|c IDEBK
|d E7B
|d N$T
|d B24X7
|d OCLCF
|d COO
|d DG1
|d YDXCP
|d OCLCQ
|d DG1
|d GrThAP
|
| 020 |
|
|
|a 9783433602744
|q (electronic bk.)
|
| 020 |
|
|
|a 3433602743
|q (electronic bk.)
|
| 020 |
|
|
|a 1299547214
|q (electronic bk.)
|
| 020 |
|
|
|a 9781299547216
|q (electronic bk.)
|
| 020 |
|
|
|a 9783433602775
|q (electronic bk.)
|
| 020 |
|
|
|a 3433602778
|q (electronic bk.)
|
| 020 |
|
|
|z 9783433030424
|q (paperback)
|
| 020 |
|
|
|z 3433030421
|q (paperback)
|
| 020 |
|
|
|z 9783433602751
|
| 020 |
|
|
|z 3433602751
|
| 020 |
|
|
|z 9783433602768
|
| 020 |
|
|
|z 343360276X
|
| 029 |
1 |
|
|a CHBIS
|b 010442100
|
| 029 |
1 |
|
|a CHVBK
|b 334088089
|
| 029 |
1 |
|
|a NZ1
|b 15753520
|
| 035 |
|
|
|a (OCoLC)842885030
|
| 050 |
|
4 |
|a QA76
|
| 072 |
|
7 |
|a TEC
|x 028000
|2 bisacsh
|
| 082 |
0 |
4 |
|a 621.483
|
| 049 |
|
|
|a MAIN
|
| 100 |
1 |
|
|a Meiswinkel, Rüdiger.
|
| 245 |
1 |
0 |
|a Design and construction of nuclear power plants /
|c Rüdiger Meiswinkel, Julian Meyer, Jürgen Schnell.
|
| 264 |
|
1 |
|a Berlin :
|b Ernst & Sohn,
|c 2013.
|
| 300 |
|
|
|a 1 online resource.
|
| 336 |
|
|
|a text
|b txt
|2 rdacontent
|
| 337 |
|
|
|a computer
|b c
|2 rdamedia
|
| 338 |
|
|
|a online resource
|b cr
|2 rdacarrier
|
| 490 |
1 |
|
|a Beton-Kalender Series
|
| 588 |
0 |
|
|a Print version record.
|
| 504 |
|
|
|a Includes bibliographical references and index.
|
| 650 |
|
0 |
|a Nuclear power plants
|x Design and construction.
|
| 650 |
|
7 |
|a TECHNOLOGY & ENGINEERING
|x Power Resources
|x Nuclear.
|2 bisacsh
|
| 650 |
|
7 |
|a Nuclear power plants
|x Design and construction.
|2 fast
|0 (OCoLC)fst01040481
|
| 655 |
|
4 |
|a Electronic books.
|
| 700 |
1 |
|
|a Schnell, Jürgen.
|
| 700 |
1 |
|
|a Meyer, Julian.
|
| 776 |
0 |
8 |
|i Print version:
|a Schnell, J & uuml.
|t Design and Construction of Nuclear Power Plants.
|d Ernst & Sohn 2013
|z 1299547214
|
| 830 |
|
0 |
|a Beton-Kalender series.
|
| 856 |
4 |
0 |
|u https://doi.org/10.1002/9783433602775
|z Full Text via HEAL-Link
|
| 994 |
|
|
|a 92
|b DG1
|